000 01386nam a22003857a 4500
001 375
003 FISKH
005 20230403093601.0
008 230330b cb ||||| |||| 00| 0 eng d
020 _a9780545531535
040 _aDLC
_cDLC
_dDLC
_dFISKH
_beng
042 _alcac
_apcc
050 0 0 _aPZ7.J953
_bGee 2012
082 0 0 _a823.92
_223
100 1 _aJung, Mike.
245 1 0 _aGeeks, girls, and secret identities /
_cby Mike Jung ; with illustrations by Mike Maihack.
250 _a1st ed.
260 _aNew York :
_bScholastic
_c2012.
300 _a307 p. :
_bill. ;
_c20 cm.
505 _aM
520 _aTwelve-year-old Vincent and his fellow members of the Captain Stupendous Fan Club help out when someone new becomes Earth's most famous superhero, without knowing anything about him, just as evil Professor Mayhem and his robot arrive in Copperplate City.
521 8 _a790
_bLexile
521 8 _aM
_bRaz-Plus
650 1 _aSuperheroes
_vFiction.
650 1 _aClubs
_vFiction.
650 1 _aRobots
_vFiction.
650 1 _aMiddle schools
_vFiction.
650 1 _aSchools
_vFiction.
650 1 _aHumorous stories.
650 1 _aScience fiction.
700 1 _aMaihack, Mike,
_eill.
906 _a7
_bcbc
_corignew
_d1
_eecip
_f20
_gy-gencatlg
942 _2ddc
_cBK
_n0
999 _c375
_d375